00828cam a2200229 a 450000100100000000500170001000800410002702000150006804000230008308200170010610000440012324500420016726000350020930000280024449000260027265000310029865000640032983000360039391000340042995201200046399900150058300000823520200929161322.0930720s1993 sp a 000 j spa  a8423986012 aDO-SdBNPcDLCdDLC a867.6bM664d1 aMingote, Ángel Antonio,d1919-92233610aDe muerte natural /cAntonio Mingote. aMadrid :bEspasa-Calpe,c1993. a175 p. :bil. ;c21 cm.1 aEspasa humoraRelatos 4aHumorismo español922337 4aVida catidianaxAnécdotas, chistes, sátiras, etc922338 0aEspasa humor ;pRelatos.922339 aCatalogación por copia / LC 001052708MOaGRbGRcCTd2009-09-15iLF1l0o867.6 M664dp8235-10r2020-06-25w2020-06-25y2ZPréstamo interno c8006d8006